Famous Mexicans by Picture - Statistics

General Stats
  • This quiz has been taken 130 times
  • The average score is 6 of 16
Answer Stats
Picture Hint Answer % Correct
1907–1954 Frida Kahlo
88%
1966– Salma Hayek
74%
1964– Guillermo del Toro
55%
1877–1923 Pancho Villa
52%
1886–1957 Diego Rivera
44%
1879–1919 Emiliano Zapata
43%
1957– Joaquín "El Chapo" Guzmán
40%
1988– Javier Hernández
38%
1958– Hugo Sanchez
37%
1979– Rafael Marquez
35%
1940– Carlos Slim
34%
1990– Canelo Álvarez
26%
1940–2021 Vicente Fernández
25%
1962– Julio Cesar Chavez
24%
1971– Thalía
18%
1914–1998 Octavio Paz
10%
No matching quizzes found
Score Distribution
Percent of People with Each Score
Percentile by Number Answered
Your Score History
You have not taken this quiz